[Event "6. ODEM U25 2009"]
[Site "Willingen GER"]
[Date "2009.06.02"]
[Round "4"]
[White "Sievers, Andy"]
[Black "Hirschberg, Leander"]
[Result "1-0"]
[Termination "normal"]
[Board "8"]
[WhiteElo "1953"]
[BlackElo "1671"]
[PlyCount "61"]
[WhiteFideId "24607908"]
[BlackFideId "24652130"]
[EventCountry "GER"]
[EventRounds "9"]
[EventType "swiss"]
[EventDate "2009.05.30"]

1. c4 e5 2. g3 Nf6 3. Bg2 Bc5 4. Nc3 O-O 5. e3 Re8 6. Nge2 Nc6 7. O-O a5 8. d4
exd4 9. exd4 Ba7 10. Nb5 d6 11. Nxa7 Rxa7 12. h3 d5 13. cxd5 Nxd5 14. Nc3 Be6
15. Re1 Ra8 16. Nxd5 Qd7 17. Nf4 Nxd4 18. Nxe6 fxe6 19. Be3 e5 20. Bxb7 Rab8
21. Bxd4 exd4 22. Rxe8+ Qxe8 23. Qxd4 Kh8 24. Bf3 Qb5 25. Rd1 h6 26. Be4 Re8
27. Bg6 Rg8 28. Qd8 Qc4 29. Qd5 Qxd5 30. Rxd5 a4 31. Re5 1-0

[Event "6. ODEM U25 2009"]
[Site "Willingen GER"]
[Date "2009.06.02"]
[Round "4"]
[White "Matschewsky, Justus"]
[Black "Kyas, Marcel"]
[Result "0-1"]
[Termination "normal"]
[Board "9"]
[WhiteElo "1658"]
[BlackElo "2106"]
[PlyCount "52"]
[WhiteFideId "24678708"]
[BlackFideId "24642037"]
[EventCountry "GER"]
[EventRounds "9"]
[EventType "swiss"]
[EventDate "2009.05.30"]

1. e4 c5 2. Nf3 d6 3. d4 cxd4 4. Nxd4 Nf6 5. Nc3 a6 6. Be2 e5 7. Nb3 Be7 8. a4
Be6 9. Bg5 O-O 10. Bxf6 Bxf6 11. Nd5 Bg5 12. O-O Nd7 13. c4 Rc8 14. Kh1 g6 15.
f3 Kh8 16. Bd3 f5 17. Qe2 Bh6 18. Nd2 Nc5 19. b4 Nxd3 20. Qxd3 Bxd2 21. Qxd2
Rxc4 22. b5 fxe4 23. fxe4 Rxe4 24. bxa6 bxa6 25. Qh6 Rxf1+ 26. Rxf1 Bxd5 0-1

[Event "6. ODEM U25 2009"]
[Site "Willingen GER"]
[Date "2009.06.02"]
[Round "4"]
[White "Wagner, Florian"]
[Black "Azizi, Nassim"]
[Result "1-0"]
[Termination "normal"]
[Board "10"]
[WhiteTitle "FM"]
[WhiteElo "2302"]
[BlackElo "1692"]
[PlyCount "49"]
[WhiteFideId "4698118"]
[BlackFideId "4608119"]
[EventCountry "GER"]
[EventRounds "9"]
[EventType "swiss"]
[EventDate "2009.05.30"]

1. d4 Nf6 2. g3 g6 3. Bg2 d5 4. Nf3 Bg7 5. O-O O-O 6. c4 c5 7. dxc5 dxc4 8. Qa4
Qc7 9. Qxc4 Be6 10. Qc2 Bf5 11. Qa4 Ne4 12. Nd4 Nxc5 13. Qc4 Nbd7 14. Nxf5 gxf5
15. Nc3 Nb6 16. Qh4 Ne6 17. e4 Nd4 18. exf5 Nxf5 19. Qh5 Nd6 20. Bf4 e5 21.
Bxe5 Qc5 22. Nd5 Ne8 23. Rac1 Qb5 24. Ne7+ Kh8 25. Bxg7+ 1-0

[Event "6. ODEM U25 2009"]
[Site "Willingen GER"]
[Date "2009.06.02"]
[Round "4"]
[White "Mantler, Hendrik"]
[Black "Werner, Patrick"]
[Result "1/2-1/2"]
[Termination "normal"]
[Board "11"]
[WhiteElo "2164"]
[BlackElo "1872"]
[PlyCount "111"]
[WhiteFideId "4697790"]
[BlackFideId "24601608"]
[EventCountry "GER"]
[EventRounds "9"]
[EventType "swiss"]
[EventDate "2009.05.30"]

1. e4 g6 2. d4 Bg7 3. Nc3 d6 4. Be3 a6 5. Qd2 Nd7 6. Nf3 b5 7. a4 b4 8. Ne2 c5
9. Ng3 h5 10. h4 Ngf6 11. Bd3 Ng4 12. O-O O-O 13. Qe2 e6 14. Bg5 Qc7 15. c3
bxc3 16. bxc3 Bb7 17. Rfb1 Rfc8 18. Ra2 c4 19. Bxc4 Bxe4 20. Nxe4 Qxc4 21. Qxc4
Rxc4 22. Rb7 Ndf6 23. Nfd2 Nxe4 24. Nxc4 Nxc3 25. Rd2 Bxd4 26. Kf1 Bxf2 27.
Nxd6 Bg3 28. Rd3 Nh2+ 29. Kg1 Ne2+ 30. Kh1 Ng4 31. Be3 Bf2 32. Bg5 Ng3+ 33.
Rxg3 Bxg3 34. Ne4 Nf2+ 35. Nxf2 Bxf2 36. Kh2 Kg7 37. g3 Rc8 38. Kg2 Bd4 39. Rd7
Rc4 40. a5 Bf6 41. Be3 Ra4 42. Bb6 Be5 43. Ra7 Bd4 44. Bxd4+ Rxd4 45. Rxa6 Ra4
46. Ra7 Ra3 47. a6 e5 48. Kf2 Kf6 49. Kg2 Ke6 50. Kf2 f6 51. Rg7 Rxa6 52. Rxg6
Kf5 53. Rh6 Kg4 54. Rg6+ Kf5 55. Rh6 Kg4 56. Rg6+ 1/2-1/2

[Event "6. ODEM U25 2009"]
[Site "Willingen GER"]
[Date "2009.06.02"]
[Round "4"]
[White "Windjäger, Gerd"]
[Black "Gölz, Daniel"]
[Result "0-1"]
[Termination "normal"]
[Board "12"]
[WhiteElo "1782"]
[BlackElo "2058"]
[PlyCount "82"]
[BlackFideId "24626325"]
[EventCountry "GER"]
[EventRounds "9"]
[EventType "swiss"]
[EventDate "2009.05.30"]

1. d4 Nf6 2. Nf3 d6 3. Nbd2 g6 4. e4 Bg7 5. Bc4 O-O 6. O-O d5 7. Bd3 dxe4 8.
Nxe4 Bg4 9. c3 Nbd7 10. Nxf6+ Nxf6 11. h3 Bxf3 12. Qxf3 c6 13. Re1 Nd5 14. Bg5
Re8 15. Bh4 Qb6 16. Re2 e6 17. Bc4 Qc7 18. Bxd5 cxd5 19. Bf6 b5 20. Bxg7 Kxg7
21. a3 a5 22. Rc1 b4 23. axb4 axb4 24. Qe3 bxc3 25. Qxc3 Qf4 26. Qe3 Qxe3 27.
fxe3 Reb8 28. Rc7 Rb3 29. Rc3 Ra1+ 30. Kf2 Rxc3 31. bxc3 Rc1 32. Kf3 Rxc3 33.
Kf4 f6 34. h4 h6 35. g3 h5 36. Rg2 Kh6 37. Re2 Rc4 38. Kf3 e5 39. Rd2 e4+ 40.
Kf4 Rc1 41. Rf2 Rg1 0-1

[Event "6. ODEM U25 2009"]
[Site "Willingen GER"]
[Date "2009.06.02"]
[Round "4"]
[White "Tschlatscher, Thomas"]
[Black "Paulus, Jeffrey"]
[Result "1-0"]
[Termination "normal"]
[Board "13"]
[WhiteElo "1983"]
[BlackElo "1917"]
[PlyCount "117"]
[WhiteFideId "24635863"]
[BlackFideId "24692468"]
[EventCountry "GER"]
[EventRounds "9"]
[EventType "swiss"]
[EventDate "2009.05.30"]

1. f4 d5 2. Nf3 c5 3. g3 Nc6 4. Bg2 e6 5. O-O Bd6 6. d3 Nge7 7. Qe1 O-O 8. c3
Rb8 9. a4 a6 10. Nbd2 b5 11. axb5 axb5 12. e4 dxe4 13. Nxe4 Bb7 14. Be3 c4 15.
Nxd6 Qxd6 16. d4 Nd5 17. Bc1 Ra8 18. Rxa8 Rxa8 19. Ng5 Na5 20. f5 exf5 21. Rxf5
Rf8 22. Bxd5 Bxd5 23. Bf4 Qc6 24. Qe5 Bh1 25. d5 f6 26. dxc6 fxe5 27. Rxf8+
Kxf8 28. Kxh1 Nxc6 29. Be3 Ke7 30. Nxh7 Ke6 31. Kg2 Kf5 32. Ng5 Ne7 33. Kf3 Nd5
34. Ne4 Ke6 35. g4 b4 36. h4 bxc3 37. bxc3 Ne7 38. h5 Kd5 39. Bg5 Nc6 40. Bh4
Nb8 41. g5 Ke6 42. g6 Nd7 43. Kg4 Kd5 44. Kf5 Nf8 45. h6 Nxg6 46. Kxg6 gxh6 47.
Kf5 h5 48. Bf6 Kc6 49. Kxe5 Kb5 50. Kd4 Kb6 51. Kxc4 Kc6 52. Kd4 Kb5 53. Kd5
Kb6 54. c4 Kc7 55. c5 Kd7 56. c6+ Kc8 57. Kd6 Kb8 58. c7+ Kc8 59. Kc6 1-0

[Event "6. ODEM U25 2009"]
[Site "Willingen GER"]
[Date "2009.06.02"]
[Round "4"]
[White "Hinz, Arne"]
[Black "Stövesand, Eric"]
[Result "1-0"]
[Termination "normal"]
[Board "15"]
[WhiteElo "1965"]
[BlackElo "1805"]
[PlyCount "79"]
[WhiteFideId "24634875"]
[BlackFideId "24651117"]
[EventCountry "GER"]
[EventRounds "9"]
[EventType "swiss"]
[EventDate "2009.05.30"]

1. e4 e5 2. Nf3 Nc6 3. Bb5 a6 4. Ba4 Nf6 5. O-O b5 6. Bb3 Be7 7. Re1 d6 8. h3
O-O 9. c3 Na5 10. Bc2 c5 11. d4 Qc7 12. Nbd2 cxd4 13. cxd4 Bd7 14. Bd3 Nc6 15.
Nb3 Nb4 16. Bb1 Nc6 17. d5 Nd8 18. Be3 a5 19. Bd3 a4 20. Rc1 Qb8 21. Na1 Nb7
22. Qe2 Nc5 23. Bg5 h6 24. Bd2 Ne8 25. g4 h5 26. gxh5 Bxh3 27. Ng5 Qc8 28. Nxh3
Qxh3 29. Bxb5 Nf6 30. Rc3 Qxh5 31. Qxh5 Nxh5 32. Rh3 Nf6 33. Bg5 Nxd5 34. Bc6
Rab8 35. Bxd5 Bxg5 36. b3 axb3 37. Nxb3 Na4 38. Na5 Bd2 39. Nc6 Bxe1 40. Ne7#
1-0

[Event "6. ODEM U25 2009"]
[Site "Willingen GER"]
[Date "2009.06.02"]
[Round "4"]
[White "Frischmann, Rick"]
[Black "Nehls, Benedikt"]
[Result "0-1"]
[Termination "normal"]
[Board "16"]
[WhiteElo "1685"]
[BlackElo "1836"]
[PlyCount "130"]
[WhiteFideId "24660752"]
[BlackFideId "24656771"]
[EventCountry "GER"]
[EventRounds "9"]
[EventType "swiss"]
[EventDate "2009.05.30"]

1. e4 c5 2. d4 cxd4 3. c3 dxc3 4. Nxc3 Nc6 5. Nf3 Nf6 6. Bc4 e6 7. Qe2 Qc7 8.
O-O Ng4 9. Rd1 Bc5 10. Be3 Nxe3 11. fxe3 a6 12. Kh1 O-O 13. Rac1 Ba7 14. a4 Qa5
15. Nd4 Nxd4 16. exd4 d6 17. Qc2 Bd7 18. Qb3 Qb6 19. Qa3 Rac8 20. a5 Qc7 21.
Be2 Qb8 22. b4 Rfd8 23. h3 e5 24. dxe5 dxe5 25. Nd5 Rxc1 26. Rxc1 Be6 27. Bf3
Kh8 28. Nc7 Bd7 29. Qb3 Kg8 30. Nd5 Be6 31. Qc3 Bd4 32. Qc7 h6 33. g4 Qxc7 34.
Rxc7 Rd7 35. Rxd7 Bxd7 36. Be2 Kf8 37. Kg2 Bc6 38. Bc4 Ke8 39. Kf3 f6 40. b5
axb5 41. Nc7+ Kd7 42. Nxb5 Bc5 43. Nc3 Bb4 44. a6 bxa6 45. Nd5 a5 46. Ne3 Kc7
47. Nf5 Bf8 48. Ke3 Kb6 49. Kd3 Bb5 50. Kc3 Bxc4 51. Kxc4 a4 52. h4 a3 53. Kb3
Kb5 54. h5 a2 55. Kxa2 Kc4 56. Kb2 Kd3 57. Kc1 Kxe4 58. Kd2 Kf4 59. Ne3 Bc5 60.
Nf5 Kxg4 61. Nxg7 f5 62. Ke2 e4 63. Ne6 Bb6 64. Ng7 f4 65. Ne6 f3+ 0-1

[Event "6. ODEM U25 2009"]
[Site "Willingen GER"]
[Date "2009.06.02"]
[Round "4"]
[White "Müller, Denis"]
[Black "Stark, Sven"]
[Result "1-0"]
[Termination "normal"]
[Board "17"]
[WhiteElo "1934"]
[BlackElo "1763"]
[PlyCount "87"]
[WhiteFideId "4696140"]
[BlackFideId "4670124"]
[EventCountry "GER"]
[EventRounds "9"]
[EventType "swiss"]
[EventDate "2009.05.30"]

1. e4 c5 2. Nf3 Nc6 3. d4 cxd4 4. Nxd4 d6 5. c4 g6 6. Nc2 Bg7 7. Nc3 Nf6 8. Be2
O-O 9. O-O Bd7 10. Be3 Qc8 11. f3 Ne5 12. b3 Nc6 13. Qd2 Rd8 14. Rfd1 b6 15.
Rac1 Qb7 16. Kh1 Rac8 17. Bf1 Be8 18. g3 Bd7 19. Bg2 Qb8 20. f4 Bg4 21. Re1 e5
22. Bg1 Be6 23. Ne3 Ng4 24. Nxg4 Bxg4 25. f5 gxf5 26. h3 Bh5 27. exf5 f6 28.
Bxc6 Kh8 29. Bd5 Qc7 30. g4 Be8 31. Ne4 Qe7 32. Rcd1 b5 33. Be3 bxc4 34. bxc4
Bc6 35. Bxc6 Rxc6 36. Qd5 Ra6 37. Re2 Qc7 38. Red2 Ra5 39. c5 Ra3 40. Nxd6 Rxd6
41. Qxd6 Qxd6 42. cxd6 Rxe3 43. d7 Rxh3+ 44. Kg2 1-0

[Event "6. ODEM U25 2009"]
[Site "Willingen GER"]
[Date "2009.06.02"]
[Round "4"]
[White "Höpfner, Tim"]
[Black "Neitzel, Mirko"]
[Result "1-0"]
[Termination "normal"]
[Board "18"]
[WhiteElo "1824"]
[BlackElo "1810"]
[PlyCount "107"]
[WhiteFideId "4638310"]
[BlackFideId "24657298"]
[EventCountry "GER"]
[EventRounds "9"]
[EventType "swiss"]
[EventDate "2009.05.30"]

1. d4 Nf6 2. c4 g6 3. Nc3 Bg7 4. e4 d6 5. f3 O-O 6. Be3 Nc6 7. Nge2 a6 8. Qd2
Rb8 9. Nc1 e5 10. Nb3 exd4 11. Nxd4 Ne5 12. Be2 Bd7 13. O-O Re8 14. Rfd1 Nc6
15. Nc2 Be6 16. b3 Nd7 17. Rac1 f5 18. Bf2 fxe4 19. Nxe4 Bf5 20. Ng5 Nf6 21.
Ne3 h6 22. Nxf5 gxf5 23. Nh3 Ne5 24. Be3 Kh7 25. Nf4 Qe7 26. Bf2 Ng6 27. Bd3
Nxf4 28. Qxf4 Qe5 29. Qxf5+ Qxf5 30. Bxf5+ Kg8 31. Bg6 Re2 32. Rc2 Rbe8 33.
Rcd2 R8e7 34. Kf1 Rxd2 35. Rxd2 Nd7 36. Rd5 Ne5 37. Be4 Ng4 38. Bd4 Nf6 39.
Bxf6 Bxf6 40. Rh5 Kg7 41. Bxb7 c5 42. Be4 a5 43. Rd5 Rd7 44. Ke2 Kf7 45. f4 Bd4
46. Kf3 Rd8 47. g4 Ke7 48. Rh5 Bg7 49. h4 Rf8 50. g5 hxg5 51. hxg5 Rh8 52. Rxh8
Bxh8 53. f5 Be5 54. Kg4 1-0

[Event "6. ODEM U25 2009"]
[Site "Willingen GER"]
[Date "2009.06.02"]
[Round "4"]
[White "Thananbalasingam, Ajandhan"]
[Black "Holle, Cedric"]
[Result "1-0"]
[Termination "normal"]
[Board "19"]
[WhiteElo "1926"]
[BlackElo "1701"]
[PlyCount "83"]
[BlackFideId "24692158"]
[EventCountry "GER"]
[EventRounds "9"]
[EventType "swiss"]
[EventDate "2009.05.30"]

1. e4 e6 2. d4 d5 3. Nc3 Nf6 4. e5 Nfd7 5. f4 c5 6. Nf3 Nc6 7. Be3 Qb6 8. a3
Qxb2 9. Na4 Qxa1 10. Qxa1 c4 11. Be2 Be7 12. O-O O-O 13. Nc5 Ndb8 14. Qc1 b6
15. Na4 Na6 16. f5 exf5 17. Bg5 Bxg5 18. Qxg5 Nc7 19. c3 Bd7 20. Nb2 Nb5 21.
Nd1 Nxa3 22. Nh4 h6 23. Qg3 Ne7 24. Ne3 Nb5 25. Nc2 a5 26. Ra1 f4 27. Qe1 g5
28. Nf3 a4 29. Nb4 a3 30. Qd2 Ra7 31. h4 g4 32. Nh2 h5 33. Bd1 Bf5 34. Qxf4
Nxc3 35. Qg5+ Bg6 36. Nxg4 hxg4 37. h5 a2 38. hxg6 Nxd1 39. gxf7+ Kxf7 40. Qh5+
Ng6 41. Qh7+ Ke8 42. Qxg6+ 1-0

[Event "6. ODEM U25 2009"]
[Site "Willingen GER"]
[Date "2009.06.02"]
[Round "4"]
[White "Weißbeck, Joachim Daniel"]
[Black "Kropman, Alexei"]
[Result "0-1"]
[Termination "normal"]
[Board "20"]
[WhiteElo "1755"]
[BlackElo "1964"]
[PlyCount "98"]
[WhiteFideId "4639227"]
[BlackFideId "24670723"]
[EventCountry "GER"]
[EventRounds "9"]
[EventType "swiss"]
[EventDate "2009.05.30"]

1. e4 e5 2. Nf3 Nc6 3. Bb5 a6 4. Bxc6 dxc6 5. O-O Bg4 6. d3 Qf6 7. Nbd2 Ne7 8.
b3 Ng6 9. Bb2 O-O-O 10. a3 Bd6 11. Qe2 Nf4 12. Qe3 Bh3 13. g3 Ng6 14. Rfc1 h5
15. Qg5 h4 16. Re1 hxg3 17. fxg3 Bc5+ 18. Kh1 Qxg5 19. Nxg5 Rdf8 20. Nxh3 Rxh3
21. Kg2 Rfh8 22. Rh1 f6 23. Nf3 R3h6 24. Bc1 R6h7 25. Bb2 Kd7 26. Rad1 Ke6 27.
Rd2 Rd8 28. d4 exd4 29. Nxd4+ Bxd4 30. Rxd4 Rxd4 31. Bxd4 Rh8 32. Re1 Rd8 33.
Bc3 Ne5 34. h3 c5 35. Kf2 b5 36. Ke2 Nc6 37. Rd1 Nd4+ 38. Kf2 Rd6 39. Bxd4 Rxd4
40. Rxd4 cxd4 41. Kf3 c5 42. h4 Ke5 43. g4 c4 44. g5 fxg5 45. hxg5 g6 46. a4
bxa4 47. bxa4 a5 48. Ke2 Kxe4 49. Kd2 Kf4 0-1

[Event "6. ODEM U25 2009"]
[Site "Willingen GER"]
[Date "2009.06.02"]
[Round "4"]
[White "Müller, Philipp"]
[Black "Rummer, Martin"]
[Result "1-0"]
[Termination "normal"]
[Board "21"]
[WhiteElo "1870"]
[BlackElo "1589"]
[PlyCount "99"]
[WhiteFideId "24683701"]
[BlackFideId "12900184"]
[EventCountry "GER"]
[EventRounds "9"]
[EventType "swiss"]
[EventDate "2009.05.30"]

1. e4 e5 2. Nf3 Nc6 3. Bb5 Bc5 4. c3 Nge7 5. O-O O-O 6. d4 exd4 7. cxd4 Bb6 8.
d5 Nb8 9. Nc3 d6 10. Bg5 f6 11. Bf4 Ng6 12. Bg3 Nd7 13. Nd4 Nde5 14. Qd2 a6 15.
Be2 f5 16. f4 fxe4 17. Kh1 Ng4 18. Nxe4 Re8 19. Bf3 Nh4 20. Ng5 Nxf3 21. Rxf3
Bxd4 22. Qxd4 Bf5 23. Ne6 Qd7 24. Bh4 Bxe6 25. dxe6 Qxe6 26. f5 Qe4 27. Qc3 Ne5
28. Rh3 Qxf5 29. Qxc7 Rf8 30. Rg1 Qd7 31. Qxd7 Nxd7 32. Rd3 Nf6 33. Rxd6 Rad8
34. Rb6 Rd7 35. h3 Nd5 36. Rb3 Rf4 37. Bg3 Rb4 38. Rxb4 Nxb4 39. a3 Nd3 40. Rb1
Nc5 41. Be5 Rd2 42. Rc1 Nd3 43. Rc8+ Kf7 44. Rc7+ Kg6 45. Bc3 Rd1+ 46. Kh2 b5
47. Rxg7+ Kh6 48. Ra7 Nc5 49. Bb4 Rd7 50. Bxc5 1-0

[Event "6. ODEM U25 2009"]
[Site "Willingen GER"]
[Date "2009.06.02"]
[Round "4"]
[White "Plumbaum, Nadja"]
[Black "Kabitzke, Julian"]
[Result "0-1"]
[Termination "normal"]
[Board "22"]
[WhiteElo "1667"]
[BlackElo "1823"]
[PlyCount "90"]
[WhiteFideId "24691941"]
[BlackFideId "24669547"]
[EventCountry "GER"]
[EventRounds "9"]
[EventType "swiss"]
[EventDate "2009.05.30"]

1. c4 f5 2. Nc3 Nf6 3. g3 g6 4. Bg2 Bg7 5. e4 Nxe4 6. Nxe4 fxe4 7. Bxe4 c6 8.
d4 Qb6 9. Qe2 Qb4+ 10. Kf1 Bxd4 11. Bg5 O-O 12. Nf3 Qxb2 13. Qxb2 Bxb2 14. Re1
e6 15. Kg2 d5 16. cxd5 exd5 17. Bc2 Bg4 18. Nh4 Na6 19. Re7 Rf7 20. Rhe1 Raf8
21. f4 Kg7 22. f5 gxf5 23. Nxf5+ Bxf5 24. Bxf5 Ba3 25. Rxf7+ Rxf7 26. g4 h5 27.
h3 hxg4 28. hxg4 Nc5 29. Rh1 Bb2 30. Rh6 Ne4 31. Rg6+ Kf8 32. Be6 Nxg5 33. Bxf7
Nxf7 34. Re6 Ne5 35. g5 Kf7 36. Rf6+ Kg7 37. Re6 Ng6 38. Rd6 Nf8 39. Rd8 Be5
40. g6 Bc7 41. Rc8 Bb6 42. Rb8 Nxg6 43. Rxb7+ Kf6 44. Kf3 Ke5 45. Rxb6 axb6 0-1

[Event "6. ODEM U25 2009"]
[Site "Willingen GER"]
[Date "2009.06.02"]
[Round "4"]
[White "Röhlich, Philipp"]
[Black "Becker, Carsten"]
[Result "0-1"]
[Termination "normal"]
[Board "23"]
[WhiteElo "1043"]
[BlackElo "1995"]
[PlyCount "50"]
[WhiteFideId "24692832"]
[BlackFideId "24646822"]
[EventCountry "GER"]
[EventRounds "9"]
[EventType "swiss"]
[EventDate "2009.05.30"]

1. e4 e6 2. d4 d5 3. exd5 exd5 4. Nf3 Nf6 5. Bd3 Bg4 6. Bf4 Be7 7. Nbd2 O-O 8.
h3 Bh5 9. c3 c6 10. Qc2 Bg6 11. O-O Nbd7 12. Rfe1 Re8 13. Nb3 Nf8 14. Ne5 a5
15. a4 Qb6 16. Nd2 Bxd3 17. Nxd3 Ne6 18. Bh2 c5 19. dxc5 Nxc5 20. Kf1 Nxd3 21.
Qxd3 Bc5 22. Bg1 Rxe1+ 23. Kxe1 Qxb2 24. Rb1 Qa3 25. Rb5 Qc1+ 0-1

[Event "6. ODEM U25 2009"]
[Site "Willingen GER"]
[Date "2009.06.02"]
[Round "4"]
[White "Wenninger, Philipp"]
[Black "Valet, Alexander"]
[Result "1-0"]
[Termination "normal"]
[Board "24"]
[WhiteElo "1984"]
[BlackElo "1550"]
[PlyCount "77"]
[WhiteFideId "4648404"]
[BlackFideId "24682560"]
[EventCountry "GER"]
[EventRounds "9"]
[EventType "swiss"]
[EventDate "2009.05.30"]

1. d4 Nf6 2. c4 g6 3. Nc3 Bg7 4. e4 d6 5. f3 O-O 6. Be3 Nbd7 7. Nge2 b6 8. Qd2
c5 9. d5 a6 10. Nc1 Rb8 11. Be2 Ne8 12. a4 Nc7 13. O-O Nf6 14. Rb1 Bd7 15. b4
Qe8 16. b5 a5 17. Nd3 Bc8 18. Rbd1 Nd7 19. Kh1 Ne5 20. Nxe5 Bxe5 21. Bh6 Bg7
22. Bxg7 Kxg7 23. f4 f6 24. h3 Bd7 25. Qe3 Qd8 26. Rf3 Be8 27. e5 Bf7 28. e6
Bg8 29. Bd3 Ne8 30. g4 Kh8 31. Ne4 Ng7 32. Ng3 Qe8 33. Rdf1 Rc8 34. Bc2 Rb8 35.
Kg2 Qd8 36. h4 Qe8 37. Rh1 h6 38. f5 Bh7 39. Qxh6 1-0

[Event "6. ODEM U25 2009"]
[Site "Willingen GER"]
[Date "2009.06.02"]
[Round "4"]
[White "Berger, Manuel"]
[Black "Müller, Jan-Hendrik"]
[Result "0-1"]
[Termination "normal"]
[Board "25"]
[WhiteElo "1767"]
[BlackElo "2090"]
[PlyCount "48"]
[WhiteFideId "24692506"]
[BlackFideId "24615048"]
[EventCountry "GER"]
[EventRounds "9"]
[EventType "swiss"]
[EventDate "2009.05.30"]

1. e4 e6 2. d4 d5 3. Nc3 Bb4 4. e5 c5 5. Nf3 Nc6 6. Bb5 Bd7 7. Be3 Nxe5 8. Nxe5
Bxb5 9. Bd2 Ba6 10. a3 cxd4 11. axb4 dxc3 12. Bxc3 Nf6 13. Ng4 Nh5 14. Ne5 Qh4
15. Ng4 f5 16. Ne3 O-O 17. Ra5 Bc4 18. b3 b6 19. Ra2 Bb5 20. Nxd5 Rad8 21. Ne7+
Kf7 22. Nd5 Rxd5 23. Rxa7+ Kg6 24. Qxd5 Qe4+ 0-1

[Event "6. ODEM U25 2009"]
[Site "Willingen GER"]
[Date "2009.06.02"]
[Round "4"]
[White "Ivascu, Cosmin Alexandru"]
[Black "Bart, Simon"]
[Result "1-0"]
[Termination "normal"]
[Board "26"]
[WhiteElo "1891"]
[BlackElo "1988"]
[PlyCount "135"]
[WhiteFideId "24686034"]
[BlackFideId "24637327"]
[EventCountry "GER"]
[EventRounds "9"]
[EventType "swiss"]
[EventDate "2009.05.30"]

1. e4 c5 2. Nf3 Nc6 3. d4 cxd4 4. Nxd4 Nf6 5. Nc3 d6 6. h3 e5 7. Nf3 Be7 8. Bg5
Be6 9. Bxf6 Bxf6 10. Nd5 Be7 11. Bc4 Rc8 12. Bb3 O-O 13. Qd2 f5 14. exf5 Rxf5
15. Ne3 Rf6 16. Ng4 Bxb3 17. Nxf6+ Bxf6 18. axb3 d5 19. c3 e4 20. Nd4 Nxd4 21.
cxd4 Bg5 22. Qe2 Qf6 23. O-O Rf8 24. Rab1 Qb6 25. Qc2 Bf4 26. Qc3 Bg5 27. Ra1
a6 28. Qc5 Qxb3 29. Ra3 Qc4 30. Qxc4 dxc4 31. Re1 Re8 32. Ra4 b5 33. Rxa6 Bd2
34. Re2 c3 35. bxc3 Bxc3 36. d5 Rd8 37. d6 Be5 38. Rd2 b4 39. Rb6 b3 40. Rxb3
Bxd6 41. Kf1 Kf7 42. Re3 Be7 43. Rxd8 Bxd8 44. Rxe4 Bf6 45. f4 Bc3 46. g4 Kg6
47. Ke2 Kf7 48. Kd3 Bb2 49. Kc4 Bf6 50. Kd5 Bb2 51. Re6 Bc3 52. Ra6 Bd2 53. Ke4
Bc3 54. Kf3 Bd4 55. g5 Bc3 56. Kg4 Bd4 57. f5 Ke7 58. Ra8 Kf7 59. h4 Be5 60.
Ra7+ Kf8 61. h5 Bd4 62. Rb7 Be5 63. Kf3 Bc3 64. Ke4 Bd2 65. g6 hxg6 66. fxg6
Bc3 67. Kf5 Ke8 68. Ke6 1-0

[Event "6. ODEM U25 2009"]
[Site "Willingen GER"]
[Date "2009.06.02"]
[Round "4"]
[White "Neumair, Cedric"]
[Black "Takeuchi, Eiki"]
[Result "1/2-1/2"]
[Termination "normal"]
[Board "27"]
[WhiteElo "1867"]
[BlackElo "1882"]
[PlyCount "75"]
[WhiteFideId "4698304"]
[BlackFideId "24663751"]
[EventCountry "GER"]
[EventRounds "9"]
[EventType "swiss"]
[EventDate "2009.05.30"]

1. e4 c5 2. Nf3 d6 3. Bb5+ Nc6 4. O-O Bd7 5. c3 a6 6. Ba4 b5 7. Bc2 e5 8. h3 g6
9. d4 exd4 10. cxd4 Bg7 11. dxc5 dxc5 12. Qd5 Rc8 13. a3 Nge7 14. Qd1 O-O 15.
Nc3 Qc7 16. Be3 Na5 17. Bg5 f6 18. Bh4 Be6 19. Bg3 Qb7 20. Ne2 Rfd8 21. Qe1
Nac6 22. Rd1 Rxd1 23. Qxd1 Rd8 24. Qc1 Bc4 25. Re1 Nd4 26. Nexd4 cxd4 27. Nd2
Qb6 28. Bb3 Bxb3 29. Nxb3 Nc6 30. Qc5 Qxc5 31. Nxc5 Ra8 32. Ne6 Bh6 33. Nc7 Ra7
34. Nd5 Kf7 35. Bh4 g5 36. Bg3 Ke6 37. Rc1 Ne5 38. Rd1 1/2-1/2

[Event "6. ODEM U25 2009"]
[Site "Willingen GER"]
[Date "2009.06.02"]
[Round "4"]
[White "Sasse, Fabius"]
[Black "Yin, Zixiao"]
[Result "0-1"]
[Termination "normal"]
[Board "28"]
[WhiteElo "1579"]
[BlackElo "1932"]
[PlyCount "78"]
[WhiteFideId "24659657"]
[BlackFideId "24622729"]
[EventCountry "GER"]
[EventRounds "9"]
[EventType "swiss"]
[EventDate "2009.05.30"]

1. e4 e5 2. Nf3 d6 3. Bc4 Be7 4. Nc3 Nf6 5. d3 O-O 6. Be3 Bg4 7. Qd2 c6 8. Ne2
a5 9. h3 Bxf3 10. gxf3 b5 11. Rg1 bxc4 12. Bh6 Ne8 13. dxc4 Kh8 14. Be3 Nd7 15.
f4 Nb6 16. b3 exf4 17. Nxf4 Bf6 18. O-O-O a4 19. Nh5 axb3 20. cxb3 Nd7 21. f4
Qa5 22. e5 Bxe5 23. fxe5 Qxe5 24. Bd4 Qxh5 25. Rg5 Qh6 26. Rdg1 f6 27. R5g2
Qxd2+ 28. Rxd2 Ne5 29. Bxe5 fxe5 30. Rg3 Nf6 31. Rgd3 d5 32. cxd5 cxd5 33. b4
d4 34. b5 Ne4 35. Rb2 Rac8+ 36. Rc2 Rf1+ 37. Rd1 Rxc2+ 38. Kxc2 Rxd1 39. b6 Nc3
0-1

[Event "6. ODEM U25 2009"]
[Site "Willingen GER"]
[Date "2009.06.02"]
[Round "4"]
[White "Klebanov, Andrej"]
[Black "Popp, Maximilian"]
[Result "1-0"]
[Termination "normal"]
[Board "29"]
[WhiteElo "1818"]
[BlackElo "1704"]
[PlyCount "45"]
[WhiteFideId "24669989"]
[BlackFideId "24673668"]
[EventCountry "GER"]
[EventRounds "9"]
[EventType "swiss"]
[EventDate "2009.05.30"]

1. d4 e6 2. c4 Nf6 3. Nc3 c5 4. d5 exd5 5. cxd5 d6 6. Bg5 g6 7. Qa4+ Bd7 8. Qf4
Be7 9. Bxf6 Bxf6 10. Qxd6 Be7 11. Qf4 O-O 12. e4 Bf6 13. Bd3 Re8 14. Nge2 Na6
15. Bxa6 bxa6 16. O-O Re5 17. Qe3 Rh5 18. Ng3 Bd4 19. Qd2 Rg5 20. Nce2 h5 21.
Nxd4 cxd4 22. f4 Rg4 23. Qxd4 1-0

[Event "6. ODEM U25 2009"]
[Site "Willingen GER"]
[Date "2009.06.02"]
[Round "4"]
[White "Wang, Julia"]
[Black "Fernschild, Daniel"]
[Result "0-1"]
[Termination "normal"]
[Board "30"]
[WhiteElo "1506"]
[BlackElo "1877"]
[PlyCount "71"]
[WhiteFideId "24692565"]
[BlackFideId "4624513"]
[EventCountry "GER"]
[EventRounds "9"]
[EventType "swiss"]
[EventDate "2009.05.30"]

1. e4 e6 2. d4 d5 3. Nc3 Bb4 4. e5 c5 5. a3 Bxc3+ 6. bxc3 Ne7 7. Nf3 Nbc6 8. h4
Bd7 9. Rb1 Qc7 10. Bd3 h6 11. O-O O-O 12. h5 f5 13. exf6 Rxf6 14. Nh2 e5 15.
Ng4 Bxg4 16. Qxg4 cxd4 17. cxd4 Nxd4 18. Bb2 Rf4 19. Qg3 Nec6 20. Bc1 Rf6 21.
Re1 Rc8 22. Bg6 Kh8 23. Bb2 Rcf8 24. f3 Re6 25. c3 Nf5 26. Qg4 Ref6 27. f4 exf4
28. a4 Ne3 29. Qf3 Ne5 30. Qf2 Rxg6 31. hxg6 Nd3 32. Qf3 Nxe1 33. Rxe1 Qc5 34.
Kh1 b6 35. Bc1 Qxc3 36. Kh2 0-1